<?xml version="1.0" encoding="UTF-8"?>
<collection xmlns="http://www.loc.gov/MARC21/slim">
 <record>
  <leader>01152nam0a2200241   4500</leader>
  <controlfield tag="001">in00000004742</controlfield>
  <controlfield tag="005">20240428085323.6</controlfield>
  <datafield tag="010" ind1=" " ind2=" ">
   <subfield code="a">978-7-121-46482-9</subfield>
   <subfield code="d">CNY138.00</subfield>
  </datafield>
  <datafield tag="035" ind1=" " ind2=" ">
   <subfield code="a">012712429</subfield>
  </datafield>
  <datafield tag="100" ind1=" " ind2=" ">
   <subfield code="a">20231226d2024    em y0chiy50      ea</subfield>
  </datafield>
  <datafield tag="101" ind1="0" ind2=" ">
   <subfield code="a">chi</subfield>
  </datafield>
  <datafield tag="102" ind1=" " ind2=" ">
   <subfield code="a">CN</subfield>
   <subfield code="b">110000</subfield>
  </datafield>
  <datafield tag="105" ind1=" " ind2=" ">
   <subfield code="a">a   z   000yy</subfield>
  </datafield>
  <datafield tag="106" ind1=" " ind2=" ">
   <subfield code="a">r</subfield>
  </datafield>
  <datafield tag="200" ind1="1" ind2=" ">
   <subfield code="a">大国光伏</subfield>
   <subfield code="9">da guo guang fu</subfield>
   <subfield code="e">中国王牌制造业的突围与崛起</subfield>
   <subfield code="f">中国光伏行业协会，刘家琦·酷玩实验家团队著</subfield>
  </datafield>
  <datafield tag="210" ind1=" " ind2=" ">
   <subfield code="a">北京</subfield>
   <subfield code="c">电子工业出版社</subfield>
   <subfield code="d">2024</subfield>
  </datafield>
  <datafield tag="215" ind1=" " ind2=" ">
   <subfield code="a">2册(29,11,668页)</subfield>
   <subfield code="c">图</subfield>
   <subfield code="d">24cm</subfield>
  </datafield>
  <datafield tag="330" ind1=" " ind2=" ">
   <subfield code="a">本书总结了中国光伏行业1952-2023年的发展历程与辉煌成就。书中共十二章，主要内容包括：前赴后继、创业维艰、千军万马、千方百计、冷暖自知、凛冬将至等。</subfield>
  </datafield>
  <datafield tag="606" ind1="0" ind2=" ">
   <subfield code="a">太阳能发电</subfield>
   <subfield code="x">电力工业</subfield>
   <subfield code="x">工业发展</subfield>
   <subfield code="x">研究</subfield>
   <subfield code="y">中国</subfield>
  </datafield>
  <datafield tag="690" ind1=" " ind2=" ">
   <subfield code="a">F426.61</subfield>
   <subfield code="v">5</subfield>
  </datafield>
  <datafield tag="711" ind1="0" ind2="2">
   <subfield code="a">中国光伏行业协会</subfield>
   <subfield code="9">zhong guo guang fu hang ye xie hui</subfield>
   <subfield code="4">著</subfield>
  </datafield>
  <datafield tag="711" ind1="0" ind2="2">
   <subfield code="a">刘家琦·酷玩实验家团队</subfield>
   <subfield code="9">liu jia qi · ku wan shi yan jia tuan dui</subfield>
   <subfield code="4">著</subfield>
  </datafield>
  <datafield tag="999" ind1="f" ind2="f">
   <subfield code="s">e986c494-15a2-44de-ad54-dc94fdf6b01a</subfield>
   <subfield code="i">0380c050-89bf-4a7c-a1ee-10ef8349e20c</subfield>
  </datafield>
 </record>
</collection>
